[Event "AUTO-INT-3941"]
[Site "http://www.queenalice.com/game.php?id=1861283"]
[Date "2025.8.7"]
[Round "1"]
[White "renet54"]
[Black "newgame"]
[Result "1/2-1/2"]
[WhiteElo "1637"]
[BlackElo "1500"]

1. e4 c5 2. Nf3 Nf6 3. e5 Ne4 4. d4 Nxf2 5. Kxf2 d6 6. Bc4 e6 7. Nc3 a6 8. Bg5
Qb6 9. Rb1 d5 10. Bd3 c4 11. Be2 Nc6 12. Qd2 Bb4 13. a3 Bxc3 14. bxc3 Qc7 15.
Rhe1 O-O 16. h4 h6 17. Bxh6 gxh6 18. Qxh6 Qe7 19. Ng5 f6 20. exf6 Rxf6+ 21. Qxf6
Qxf6+ 22. Bf3 e5 23. dxe5 Nxe5 24. Re3 Bg4 25. Rxb7 Qf5 26. Kg1 Nxf3+ 27. Nxf3
Bxf3 28. Ree7 Rf8 29. Rg7+ Kh8 30. Rg5 Qxc2 31. Rb6 Qc1+ 32. Kh2 Qc2 33. Rh6+
Qh7 34. Rxh7+ Kxh7 35. gxf3 Rd8 36. f4 Rg8 37. Rh5+ Kg6 38. Rg5+ Kf7 39. Rxd5
Rg4 40. Ra5 Rxf4 41. Rxa6 Rxh4+ 42. Kg3 Rh1 43. Rc6 Ra1 44. Rxc4 Rxa3 45. Rc6
Ke7 46. Kf4 Kd7 47. Rc4 Kd6 48. Rd4+ Kc5 49. Ke5 Rxc3 50. Rd8 Re3+ 51. Kf5 Kc4
52. Rc8+ Kd5 53. Kf4 Re1 54. Rd8+ Kc6 55. Kf3 Kc7 56. Rd4 Kc6 57. Kf2 Re8 58.
Rc4+ Kd5 59. Rc1 Kd4 60. Rd1+ Kc3 61. Rd7 1/2-1/2